世界陸上2025 超人BIG7 - Statistics

General Stats
  • This quiz has been taken 16 times
  • The average score is 4 of 7
Answer Stats
肩書き 選手名 競技名 代表 % Correct
日本女子初の連覇狙う絶対女王 北口榛花 やり投げ 日本
100%
世界一高く跳ぶ鳥人は「大谷翔平の大ファン」 アーマンド・デュプランティス 棒高跳 スウェーデン
91%
ボルト超え狙う"世界最速アニメオタク" ノア・ライルズ 100m、200m、4×100mリレー アメリカ
73%
おじいちゃんコーチと狙う世界新 カルステン・ワーホルム 400mハードル ノルウェー
36%
37年ぶり世界記録更新「眠れる森の美女」 ヤロスラワ・マフチク 走高跳 ウクライナ
36%
史上初の二刀流金メダルへ シドニー・マクローフリン 400m、4×400mリレー アメリカ
27%
世界一速いママさんランナー フェイス・キピエゴン 1500m、5000m ケニア
27%
No matching quizzes found
Score Distribution
Percent of People with Each Score
Percentile by Number Answered
Your Score History
You have not taken this quiz